How fast can you type? - Statistics

General Stats
  • This quiz has been taken 8,505 times
  • The average score is 18 of 26
Answer Stats
Hint Answer % Correct
Ant Ant
100%
Bug Bug
98%
Cards Cards
97%
Deadly Deadly
96%
Ed Ed
96%
Failed Failed
95%
Goats Goats
94%
Hell Hell
93%
Inside Inside
92%
Joke Joke
91%
Kings Kings
89%
Licking Licking
85%
Monster Monster
81%
Nobody Nobody
75%
Oval Oval
71%
Plate Plate
67%
Queen Queen
61%
Road Road
58%
Singularity Singularity
47%
Trading Trading
42%
Under Under
39%
Vase Vase
35%
Whatever Whatever
31%
Xylophone Xylophone
22%
Yellow Yellow
19%
Zoo Zoo
18%
No matching quizzes found
Score Distribution
Percent of People with Each Score
Percentile by Number Answered
Your Score History
You have not taken this quiz